Sistemas de control de gestión.

Gorde:
Xehetasun bibliografikoak
Egile Nagusiak: Anthony, Robert N (Egilea), Govindarajan, Vijay (Egilea)
Formatua: Liburua
Hizkuntza:gaztelania
Argitaratua: Ciudad de México, México: McGraw Hill, 2008.
Gaiak:
Sarrera elektronikoa:Disponible Online - Cap.1, 4, 5, 6 y 9
Etiketak: Etiketa erantsi
Etiketarik gabe, Izan zaitez lehena erregistro honi etiketa jartzen!

MARC

LEADER 00000cam a2200000 a 4500
001 UCH1559
003 CL-VaPUC
005 20220507074124.0
008 090430e20080000MX |||||||||||||||||spa|d
999 |c 333554  |d 333552 
020 |a 9789701066416 
040 |c Pontificia Universidad Católica de Valparaíso 
082 0 4 |a 658.401 ANT 2008  |2 21 
100 0 |a Anthony, Robert N  |e author  |9 536062 
245 1 0 |a Sistemas de control de gestión. 
260 |a Ciudad de México, México:  |b McGraw Hill,  |c 2008. 
300 |a 768 páginas  
583 |a last modification  |c 20111202 10:36:02  |k Rodrigo Vera 
650 0 |a Control de gestión  |9 345692 
650 0 |a Comportamiento organizacional   |2 CL-VaPUC  |9 311858 
650 0 |a Planificación estratégica   |9 259735 
650 0 |a Control  |9 330602 
700 0 |a Govindarajan, Vijay  |e author  |9 536063 
856 |u http://bibliografiadigital.pucv.cl/index.php/bibliotecapucv/catalog/book/935  |y Disponible Online - Cap.1, 4, 5, 6 y 9 
942 |c BK  |2 ddc 
945 |d 20090430 00:00:00  |a rbrito 
952 |0 0  |1 0  |4 0  |6 658_401000000000000_ANT_2008  |7 0  |8 R  |9 422040  |a BIBGIM  |b BIBGIM  |d 2019-11-22  |i 4544811  |l 1  |o 658.401 ANT 2008  |p 4544811  |r 2021-11-26  |s 2020-08-03  |w 2019-11-22  |y BK_R  |k COM 
952 |0 0  |1 0  |4 0  |6 658_401000000000000_ANT_2008  |7 0  |8 R  |9 422041  |a BIBGIM  |b BIBGIM  |d 2019-11-22  |i 4612981  |o 658.401 ANT 2008  |p 4612981  |r 2025-01-15  |w 2019-11-22  |y BK_R  |k COM 
952 |0 0  |1 0  |4 0  |6 658_401000000000000_ANT_2008  |7 0  |8 R  |9 422042  |a BIBGIM  |b BIBGIM  |d 2019-11-22  |i 461299K  |o 658.401 ANT 2008  |p 461299K  |r 2025-01-15  |w 2019-11-22  |y BK_R  |k COM 
952 |0 0  |1 0  |4 0  |6 658_401000000000000_ANT_2008  |7 0  |8 R  |9 422043  |a BIBGIM  |b BIBGIM  |d 2019-11-22  |i 4613007  |o 658.401 ANT 2008  |p 4613007  |r 2025-01-15  |w 2019-11-22  |y BK_R  |k COM 
952 |0 0  |1 0  |4 0  |6 658_401000000000000_ANT_2008  |7 0  |8 R  |9 422044  |a BIBGIM  |b BIBGIM  |d 2019-11-22  |i 4805755  |o 658.401 ANT 2008  |p 4805755  |r 2025-01-15  |w 2019-11-22  |y BK_R  |k COM